Statistics for Survivor: Caramoan - FvF2 Contestants (Final Placements)

Click here to take the quiz!

General Stats

  • This quiz has been taken 351 times
  • The average score is 16 of 20

Answer Stats

HintAnswer% Correct
20thFrancesca Hogi (Redemption Island)
94%
WinnerJohn Cochran (South Pacific)
92%
Co Runner-Up (Favorite)Dawn Meehan (South Pacific)
90%
4thEdward "Eddie" Fox
88%
10thPhillip Sheppard (Redemption Island)
87%
6thBrenda Lowe (Nicaragua)
86%
5thErik Reichenbach (Micronesia)
85%
9thMalcolm Freberg (Philippines)
85%
Co Runner-Up (Fan)Sherri Biethman
85%
7thAndrea Boehlke (Redemption Island)
83%
8thReynold Toepfer
82%
15thBrandon Hantz (South Pacific)
79%
17thShamar Thomas
79%
18thHope Driskill
78%
12thCorinne Kaplan (Gabon)
75%
11thMichael Snow
75%
19thAlexandra "Allie" Pohevitz
70%
13thJulia Landauer
65%
14thMatt Bischoff
64%
16thLaura Alexander
58%

Score Distribution

Percentile by Number Answered

Percent of People with Each Score

Your Score History

You have not taken this quiz